00303nam a2200109Ia 4500008004100000041000800041082001600049100001500065245004400080260003900124300003000163240624s9999 xx 000 0 und d aeng a658.404 BRU aBURKE RORY aPROJECT MANAGEMENT PLANNING AND CONTROL c2004aSingaporebJohn Wiley & Sons aix, : 373 : p. : cm. ; 22